[Event "Mittelrhein Verbandsliga-W 18/19"]
[Site "Nordrheinwestfalen"]
[Date "2019.03.10"]
[Round "8.5"]
[White "Hauptvogel, Andreas"]
[Black "Struck, Bernd Dieter"]
[Result "1/2-1/2"]
[WhiteElo "1934"]
[BlackElo "1871"]
[PlyCount "43"]
[EventDate "2018.09.02"]
[EventType "team-tourn"]
[EventRounds "11"]
[EventCountry "GER"]
[SourceTitle "EXT 2022"]
[Source "ChessBase"]
[SourceDate "2021.10.06"]
[SourceVersion "1"]
[SourceVersionDate "2021.10.06"]
[SourceQuality "1"]
[WhiteTeam "Uebach Palenberg"]
[BlackTeam "Eschweiler SC"]
[WhiteTeamCountry "GER"]
[BlackTeamCountry "GER"]

1. e4 d5 2. exd5 Qxd5 3. Nc3 Qd6 4. d4 Nf6 5. Be3 a6 6. Nf3 b5 7. Qd2 Bb7 8. Be2 Nbd7 9. a3 e6 10. 0-0 Be7 11. Bf4 Qb6 12. Rad1 Rd8 13. h3 0-0 14. b4 Nd5 15. Nxd5 Bxd5 16. Qe3 Qb7 17. Bg5 f6 18. Bf4 Nb6 19. Rfe1 Rfe8 20. Nd2 Bd6 21. f3 Qc6 22. Bd3 1/2-1/2

[Event "Mittelrhein Verbandsliga-W 18/19"]
[Site "Nordrheinwestfalen"]
[Date "2019.02.10"]
[Round "7.4"]
[White "Hauptvogel, Andreas"]
[Black "Gruenich, Andreas"]
[Result "1/2-1/2"]
[WhiteElo "1934"]
[BlackElo "1817"]
[PlyCount "36"]
[EventDate "2018.09.02"]
[EventType "team-tourn"]
[EventRounds "11"]
[EventCountry "GER"]
[SourceTitle "EXT 2022"]
[Source "ChessBase"]
[SourceDate "2021.10.06"]
[SourceVersion "1"]
[SourceVersionDate "2021.10.06"]
[SourceQuality "1"]
[WhiteTeam "Uebach Palenberg"]
[BlackTeam "Lendersdorf"]
[WhiteTeamCountry "GER"]
[BlackTeamCountry "GER"]

1. e4 e6 2. d4 d5 3. Nc3 dxe4 4. Nxe4 Nd7 5. Nf3 Ngf6 6. Bd3 Be7 7. 0-0 0-0 8. Bf4 b6 9. c3 Bb7 10. Qe2 Nxe4 11. Bxe4 Bxe4 12. Qxe4 Nf6 13. Qc6 Nd5 14. Bg3 Bd6 15. Be5 Ne7 16. Qe4 Ng6 17. Rad1 Re8 18. Bxd6 cxd6 1/2-1/2

[Event "Mittelrhein Verbandsliga-W 1112"]
[Site "Germany"]
[Date "2012.05.06"]
[Round "10.5"]
[White "Rossberg, Robert"]
[Black "Hauptvogel, Andreas"]
[Result "1-0"]
[WhiteElo "1903"]
[BlackElo "1865"]
[PlyCount "49"]
[EventDate "2011.09.18"]
[EventType "team-tourn"]
[EventRounds "11"]
[EventCountry "GER"]
[SourceTitle "EXT 2013"]
[Source "ChessBase"]
[SourceDate "2012.11.22"]
[SourceVersion "1"]
[SourceVersionDate "2012.11.22"]
[SourceQuality "1"]
[WhiteTeam "Brauweiler Rochade"]
[BlackTeam "Uebach Palenberg"]
[WhiteTeamCountry "GER"]
[BlackTeamCountry "GER"]

1. Nf3 Nf6 2. b3 g6 3. Bb2 Bg7 4. c4 c5 5. g3 Nc6 6. Bg2 d6 7. 0-0 0-0 8. Nc3 Bd7 9. d3 e6 10. Qd2 Qe7 11. e3 Rfd8 12. Nh4 Be8 13. f4 d5 14. cxd5 exd5 15. Rae1 Qc7 16. d4 cxd4 17. exd4 Bf8 18. f5 Be7 19. fxg6 fxg6 20. Rxf6 Bxf6 21. Nxd5 Qd6 22. Nxf6+ Qxf6 23. d5 Qd6 24. Qc3 Ne5 25. Rxe5 1-0